000 01370cam a2200253 4500
001 ABS63213
008 000000n2000 000 0 eng u
035 _a(Sirsi) u109400
100 _aGallent, N
245 _aPlanning and affordable housing
260 _c2000
490 _aTown Planning Review
_v71(2) April 2000, 123-147(25)
520 _aConsiders the evolution of the role of planning in affordable housing since the early 1970s, and examines the impact on the UK planning sytem. Highlights the conflict between the strategic nature of national planning policy and implementation at local level. Traces the development of planning practice in affordable housing during the Conservative and Labour governments, touching on the themes of slow transition towards acceptance, the creation of more flexible planning, and the move towards a planning system with increased responsibilities. Concludes with a summary of Labour government's most recent policy statements, culminating with DETR Circular 6/98. References
590 _aABS
650 _aPPG3
650 _aPLANNING POLICY GUIDANCE
650 _aDETR CIRCULARS
650 _aHOUSING DEVELOPMENT
650 _aLOCAL PLANNING AUTHORITIES
650 _aPLANNING POLICY
650 _aPLANNING SYSTEM
690 _aENVIRONMENTAL AND LAND CONSULTANCY-PLANNING AND DEVELOPMENT
942 _n0
999 _c65311
_d65311